[Event "American Continental 3rd"]
[Site "Buenos Aires"]
[Date "2005.08.10"]
[Round "5"]
[White "Hobaica, Juan Pablo"]
[Black "Valerga, Diego"]
[Result "1-0"]
[WhiteElo "2317"]
[BlackElo "2499"]
[Annotator "Ribli,Z"]
[PlyCount "93"]
[EventDate "2005.08.06"]
[EventType "swiss"]
[EventRounds "11"]
[EventCountry "ARG"]
[SourceTitle "CBM 109"]
[Source "ChessBase"]
[SourceDate "2005.11.14"]
[SourceVersion "1"]
[SourceVersionDate "2005.11.14"]
[SourceQuality "1"]

1. c4 Nf6 2. Nc3 e6 3. Nf3 Bb4 4. Qc2 O-O 5. a3 Bxc3 6. Qxc3 b6 {Schwarz hat
bereits seinen schwarzfeldrigen Läufer getauscht und möchte nun mit Bb7 und
d6-Nbd7 eine feste Verteidigungsstellung aufbauen.} 7. e3 Bb7 8. b4 d6 9. Bb2
Nbd7 10. Be2 Qe7 11. O-O c5 12. d3 {Weiß zieht natürlich "nur" d2-d3, um das
e4-Feld zu kontrollieren. In ähnlichen Stellungen, bekommt Schwarz aufgrund
seiner Kontrolle von e4 gutes Gegenspiel.} Rfc8 13. b5 a6 {Mit diesem Zug
möchte Schwarz die a-Linie öffnen und die Türme tauschen. Nach meiner Meinung
ist der Zug 13...e5 logischer, da die Diagonale des b2-Läufers geschlossen
wird.} (13... Nf8 14. a4 a5 15. Rae1 Ng6 16. Nd2 $14 {[%cal Gf2f4,Ge3e4]} d5
17. cxd5 exd5 18. d4 Nh4 19. Bd3 $6 (19. g3 Nf5 20. dxc5 bxc5 21. Qe5 $14)
19... c4 {1-0 Gustafsson,J-Khalifman,A/Germany 2003/CBM 94/[Ribli] (35)} (19...
Ne4 $5)) 14. a4 Qf8 (14... axb5 15. axb5 Qf8 16. Rfd1 (16. Nd2 $5) 16... Rxa1
17. Rxa1 Ra8 18. Qe1 Qb8 19. Rxa8 Qxa8 20. Qa1 Qxa1+ 21. Bxa1 Kf8 {1/2-1/2
Shchekachev,A-Bunzmann,D/Bethune 2001/CBM 85 ext (30)}) 15. Nd2 {[%cal Gf2f4]
[%mdl 32] Der weiße Springer macht den Weg frei für f2-f4.} h6 16. Qc2 d5 (
16... axb5 $5 17. axb5 Rxa1 18. Rxa1 Ra8 19. Qb1 Qb8 $14 (19... Rxa1 20. Qxa1
Qa8 21. Qxa8+ Bxa8 $14)) 17. f4 $14 {[%csl Gb2][%cal Gb2h8] Augrund der
geöffneten Diagonale des b2-Läufers besitzt Weiß die besseren Gewinnchancen.}
axb5 18. axb5 Rxa1 19. Rxa1 Ra8 20. Qb1 Qb8 (20... Rxa1 21. Qxa1 Qa8 22. Qxa8+
Bxa8 23. Bf3 $14) 21. Rxa8 Qxa8 22. Qa1 Qxa1+ 23. Bxa1 {[%csl Ga1,Gb5,Ge2]
[%mdl 4096] Aufgrund von Läuferpaar und Raumvorteil hat Weiß etwas bessere
Aussichten im Endspiel.} Ne8 {[%cal Ge8d6,Gf7f6] Schwarz verbessert seine
Springerstellung und plant f7-f6.} 24. Kf2 Nd6 25. g4 f6 26. h4 {[%cal Gg4g5]
Weiß mobilisiert seine Bauern am Königsflügel und hält sich die Möglichkeit
offen, g4-g5 zu ziehen.} Kf7 27. h5 e5 (27... Ke7) 28. fxe5 fxe5 (28... Nxe5
$142 $5) 29. d4 (29. cxd5 Bxd5 30. Nc4 Ke6 $11) 29... Ke6 30. g5 {[%cal Re2g4,
Rg4e6] Weiß plant, seinen weißfeldrigen Läufer durch g4 ins Spiel zu bringen.}
Nxc4 (30... hxg5 31. Bg4+ Ke7 32. Bxd7 Kxd7 33. dxc5 bxc5 34. Bxe5 $14) 31.
Bg4+ Ke7 $2 (31... Kd6 $1 32. Nxc4+ dxc4 33. Bxd7 cxd4 $1 (33... Kxd7 {Dieser
Zug führt zur Partiefortsetzung.}) 34. exd4 (34. Bc6 $2 Bxc6 35. bxc6 c3 $19) (
34. Bf5 c3 $17) 34... Kxd7 35. gxh6 gxh6 36. dxe5 Ke6 $11) 32. Nxc4 dxc4 33.
Bxd7 Kxd7 {Wegen der Drohung 34.Bc6 muß Schwarz den Läufer nehmen, wonach er
ein schweres Endspiel mit ungleichfarbigen Läufern hat.} (33... cxd4 34. Bc6 $1
{Das ist der Unterschied: stände der König auf d6 wäre dieser Zug schlecht.}
Bxc6 35. bxc6 c3 36. exd4 exd4 37. gxh6 gxh6 38. Ke2 Kd6 39. Kd3 Kxc6 40. Kxd4
$18) 34. dxc5 bxc5 35. Bxe5 hxg5 36. Kg3 (36. Bxg7) 36... Ke6 37. Bxg7 {
[%csl Gb5,Gh5] Gewöhnlich sind Endspiele bei materieller Gleichheit mit
ungleichfarbigen Läufern Remis, aber in dieser Partie besitzt Weiß zwei
entfernte Freibauern. Mit guter Verteidigung kann Schwarz jedoch auch hier das
Remis halten.} Kf5 {[%csl Gf5] Der schwarze König steht aktiv auf f5 und
ebenso wie Weiß besitzt er zwei Freibauern auf c4 und g5.} 38. Bf8 (38. Bc3 Be4
39. b6 Bb7 $11) 38... Kf6 $2 (38... c3 $1 39. Bxc5 c2 40. Ba3 Be4 41. b6 Bc6
$11) 39. Bxc5 Kg7 $2 (39... Kf5) 40. Kg4 {[%csl Rg5]} Kh6 (40... Kf6 41. Bd4+
$18) 41. Bf8+ Kh7 42. Kxg5 $18 c3 43. Ba3 c2 44. b6 Kg7 45. Kf5 Kh6 46. Ke5
Kxh5 47. Kd6 1-0

[Event "Barcelona"]
[Site "Barcelona"]
[Date "1990.??.??"]
[Round "9"]
[White "Granda Zuniga, Julio E"]
[Black "Illescas Cordoba, Miguel"]
[Result "1/2-1/2"]
[WhiteElo "2485"]
[BlackElo "2535"]
[Annotator "Ribli,Z"]
[PlyCount "48"]
[EventDate "1990.09.??"]
[EventType "tourn"]
[EventRounds "9"]
[EventCountry "ESP"]
[EventCategory "10"]
[SourceTitle "CBM 021"]
[Source "ChessBase"]
[SourceDate "1991.04.01"]
[SourceVersion "1"]
[SourceVersionDate "1991.04.01"]
[SourceQuality "1"]

1. Nf3 Nf6 2. c4 e6 3. Nc3 Bb4 4. g3 O-O 5. Bg2 d5 6. a3 (6. d4 dxc4 7. O-O Nc6
8. a3 Ba5 9. Bg5 h6 10. Bxf6 Qxf6 11. Qa4 $13 {-> A 20 Illescas
Cordoba-Yusupov Linares 1990 CBM/17}) 6... Be7 (6... Bxc3 7. bxc3 c5 8. cxd5
exd5 9. d3 h6 10. Be3 Qe7 $13 {Mikhalchisin,A-Rosentalis,E URS-FL56 Klaipeda
1988 CBM/11}) 7. d4 dxc4 (7... Nbd7 8. Qd3 c6 9. O-O b6 10. e4 Ba6 11. b3 c5
$10 {Ribli,Z-Nikolic,Pr Wijk 1989 CBM/11}) 8. Ne5 c5 (8... Nc6 9. Nxc6 (9. Bxc6
$5 bxc6 10. Nxc6 $13) 9... bxc6 10. Bxc6 Rb8 11. O-O Bb7 12. Qa4 Qxd4 13. Bxb7
Rxb7 14. Rd1 Qc5 15. Kg2 Rfb8 16. h3 Nd5 17. Ne4 Qb5 $15 {Andersson,U-Benjamin,
J Szirak izt 1987 44/(15)}) 9. dxc5 Qc7 10. Nxc4 Qxc5 11. Qb3 Nc6 12. Be3 Nd4
13. Bxd4 Qxd4 14. O-O Qc5 15. Rfd1 (15. Qb5 $5 $14 {Olafsson-Huebner Athen zt
1969}) 15... Bd7 16. Ne3 Rab8 17. Rac1 Qh5 18. Bf3 Qh3 19. Nb5 a6 20. Nd6 Bc6
21. Rc4 (21. Bxc6 bxc6 22. Qc2 Nd5 23. Ndc4 Bc5 24. Rd3 $13) 21... Bxf3 22.
exf3 Qh5 23. Kg2 Rfd8 24. Rcd4 b5 {1.28-1.43} 1/2-1/2

[Event "Hastings 0001 76th"]
[Site "Hastings"]
[Date "2000.12.02"]
[Round "4"]
[White "Speelman, Jonathan S"]
[Black "Plaskett, H James"]
[Result "1-0"]
[WhiteElo "2623"]
[BlackElo "2525"]
[Annotator "Ribli,Z"]
[PlyCount "93"]
[EventDate "2000.12.29"]
[EventType "tourn"]
[EventRounds "9"]
[EventCountry "ENG"]
[EventCategory "12"]
[SourceTitle "CBM 081"]
[Source "ChessBase"]
[SourceDate "2001.03.20"]
[SourceVersion "1"]
[SourceVersionDate "2001.03.20"]
[SourceQuality "1"]

1. Nf3 Nf6 2. c4 e6 3. Nc3 Bb4 4. e3 {'!?' Großmeister Speelman spielt gerne
Nebenvarianten. Der Textzug ist wirklich ein seltener Gast in der
Turnierpraxis. Die Alternativen zur Partiefortsetzung sind 4.Qc2, 4.Qb3, 4.g3
und natürlich 4.d4 mit Übergang in die Nimzoindische oder Damenindische
Verteidigung (wenn Schwarz 4...b6 spielt).} O-O 5. Be2 b6 (5... d5 6. O-O (6.
a3 Be7 (6... Bd6 $5) 7. d4 b6 8. O-O Bb7 9. b4 a5 $6 (9... dxc4 $5) 10. b5 dxc4
11. Qc2 $1 Nd5 12. Bb2 Nxc3 13. Qxc3 c6 14. bxc6 Bxc6 15. Qxc4 $16 {1-0
Speelman,J-Kosten,A/Hastings 1990/Inf 51/[Speelman,J] (41)}) 6... dxc4 7. Bxc4
b6 (7... c5 8. Qc2 Nbd7 9. a3 Ba5 10. b3 a6 11. Bb2 b5 12. Bd3 Bb7 13. Ne4 h6
14. a4 Bxe4 15. Bxe4 Rb8 16. axb5 axb5 17. Ne5 {1/2-1/2 Speelman,J-Budnikov,A/
London 1993/TD (109)}) 8. Qe2 Bb7 9. b3 a6 10. Bb2 b5 11. Bd3 Nbd7 12. Bc2 Be7
13. Rad1 c5 14. Ng5 h6 15. Nge4 Rc8 16. Ng3 c4 17. bxc4 bxc4 18. Rb1 Nc5 {
0-1 Speelman,J-Adams,M/Germany 1999/CBM 73 ext (42)}) (5... Bxc3 6. bxc3 d6 7.
O-O e5 8. Ne1 Nbd7 9. f3 Ne8 10. e4 f5 11. exf5 Rxf5 12. d4 Rf8 13. Be3 Nef6
14. c5 {1-0 Speelman,J-Benjamin,J/Hastings 1987/EXT 99 (37)}) (5... c5 6. Na4
d6 7. a3 Ba5 8. O-O Bc7 9. b4 b6 10. Nc3 Nc6 11. d4 cxb4 12. axb4 Nxb4 13. Qa4
a5 14. Ba3 Bd7 15. Qb3 Bc6 16. Bxb4 axb4 17. Qxb4 {1/2-1/2 Speelman,J-Gormally,
D/Hastings ENG 2000/The Week in Chess 321 (30)}) 6. O-O (6. a3 Bxc3 7. bxc3 Re8
8. O-O e5 9. Ne1 $1 Ba6 10. f3 d5 (10... c6 $5 11. d4 d5) 11. cxd5 Bxe2 12.
Qxe2 Nxd5 (12... Qxd5 $5 13. e4 Qb3 14. Qd3 {/\ Rb1=}) 13. Bb2 Nd7 14. c4 Ne7
15. Nd3 Ng6 16. f4 exf4 $5 (16... e4 17. Nb4 f5 18. Nc6 Qc8 19. Qh5 Nc5 20. g4
Rf8 21. a4 Nb3 22. Nd4 Nxd4 23. Bxd4 {1/2-1/2 Speelman,J-Dorfman,J/Moscow 1990/
TD (23)}) 17. Nxf4 Nxf4 18. Rxf4 f6 {/\ Ne5= Dorfman,I}) 6... Bb7 (6... d5 7.
a3 Bxc3 $5 (7... Bd6 8. d4 (8. b4 Bb7 9. cxd5 exd5 10. Nb5 Be7 11. Nbd4 Re8 12.
Rb1 c6 13. Qc2 Qc7 14. Bb2 Nbd7 15. Bb5 Rac8 16. Rfc1 Nb8 17. Bd3 {1/2-1/2
Speelman,J-Almasi,Z/Pamplona 1996/CBM 57 (26)}) 8... Bb7 9. Qc2 c5 $1 10. dxc5
bxc5 11. Rd1 Nbd7 12. Rb1 $5 Qe7 13. cxd5 exd5 14. Nb5 Rfc8 15. Nxd6 Qxd6 16.
Bd2 d4 $1 {1/2-1/2 Speelman,J-Lalic,B/Hastings 1995/Inf 65/[Speelman,J] (43)})
8. bxc3 Ba6 9. cxd5 Bxe2 10. Qxe2 exd5 11. c4 c5 12. Bb2 dxc4 13. Rfc1 (13.
Qxc4 Nc6 $6 (13... Qd5 14. Qc2 Nbd7 15. d3 $14 {/\ e4, Rfe1, Rad1, d4}) 14. Qc2
$1 (14. d4 Na5 15. Qc2 Rc8 16. Rad1 {1/2-1/2 Speelman,J-Kortschnoj,V/New York
1995/CBM 47 ext (38)}) 14... Qd6 15. Rac1 $1 Rac8 (15... Ne7 $5 {Zagrebelny,S})
16. Ng5 $1 Ne5 17. f4 Ng6 18. e4 $1 {1-0 Speelman,J-Zagrebelny,S/Calcutta 75/
17 1999/Inf 75/[Speelman,J] (32)}) 13... Qd3 14. Kf1 Ne4 15. Rxc4 Qxe2+ 16.
Kxe2 Nd6 17. Rc2 Rc8 18. Rac1 Nd7 {1/2-1/2 Speelman,J-Aronian,L/Hastings ENG
2000 (47)}) 7. Qc2 (7. a3 Be7 $11 (7... Bxc3 8. bxc3 d6 9. d3 Nbd7 10. e4 Kh8
11. Re1 e5 12. g3 Ng8 13. Nh4 {1/2-1/2 Speelman,J-Kosten,A/ENG 1991/CBM 28 (51)
})) 7... d5 (7... Bxc3 $6 8. Qxc3 d6 9. b3 Nbd7 10. Bb2 Rc8 11. Rad1 Qe7 (11...
c5 $5) 12. Ne1 e5 13. f3 Rfe8 (13... e4 14. fxe4 Bxe4 15. d3 Bb7 16. e4 $14)
14. e4 Nf8 $6 (14... c5 $5) 15. d4 Nh5 16. d5 {1-0 Speelman,J-Almasi,Z/
Altensteig 1994/CBM 43/[Ribli] (33)}) 8. b3 Nbd7 9. cxd5 {Weiß öffnet die
c-Linie und sucht konkrete Varianten, aber auch die einfache Entwicklung kommt
in Betracht.} (9. Bb2 $14) 9... exd5 (9... Nxd5 10. Nxd5 exd5 (10... Bxd5 11.
Bb2 $14 {[%cal Ge3e4,Gd2d4]}) 11. Bb2 $14 {[%cal Gf3d4,Gd4c6,Gd4f5]}) 10. Nb5 {
Der Bb4 steht unglücklich - Schwarz darf wegen a2-a3 nicht c7-c5 ziehen.} c6 (
10... a6 11. Nbd4 $14 {[%cal Gd4c6,Gd4f5]} (11. Qxc7 Qxc7 12. Nxc7 Ra7 13. Bb2
Bd6 14. Rfc1 Rc8 $17)) 11. a3 (11. Nbd4) 11... Be7 (11... cxb5 12. axb4 a6 13.
Bb2 $14 {[%cal Gb2h8]}) 12. Nbd4 Re8 $5 {[%mdl 512] Schwarz verteidigt sich
unter Einsatz eines Bauernopfers gegen 13.Nf5.} (12... Rc8 13. Nf5 $14) 13.
Nxc6 (13. Nf5 Bf8 $11) 13... Bxc6 14. Qxc6 Nc5 $13 {[%csl Rc6] Die weiße Dame
steht schlecht auf c6. Es droht nun 15...a6 nebst 16...Rc8 mit Damenfang.} 15.
d4 $8 (15. Qb5 $2 a6 16. Qb4 Nfe4 $1 {[%csl Rb4]} 17. Bb2 Ne6 18. Qa4 b5 $19)
15... Nxb3 16. Rb1 Na5 (16... Nxc1 $5 17. Qxc1 Qd6 $13) 17. Qa4 Ne4 {Die weiße
Bauernstruktur macht den gesünderen Eindruck, der Pd5 ist ein potentieller
Schwachpunkt. Dafür hat Schwarz aktives Figurenspiel. Besonders schlecht steht
der weiße Ba3.} 18. Bd2 Nxd2 19. Nxd2 a6 (19... Qd6 20. Bf3 Rad8 21. Rb5 $13)
20. Nb3 Nc4 (20... Bd6 21. Nxa5 b5 22. Qb3 (22. Bxb5 $2 axb5 23. Rxb5 Bc7 $17)
22... Qxa5 23. Bf3 $14) 21. Bxc4 dxc4 22. Qxc4 Bxa3 {Was zählt mehr, die weiße
Bauernmasse am Königsflügel und im Zentrum oder die schwarzen Freibauern am
Damenflügel? Die Antwort darauf ist nicht leicht, in der Turnierpraxis jedoch
ist die weiße Stellung einfacher zu spielen.} 23. Ra1 b5 (23... Qd6 24. Rfd1
$13) 24. Qc6 Re6 (24... b4 25. Nc5 $13) 25. Qf3 Bb4 {Schwarz möchte 26...Bc3
nebst 27...b4 spielen.} 26. Rfc1 Rf6 27. Qe4 (27. Qh5 $13) 27... Re6 28. Qf3 a5
{Schwarz will sich nicht mit Zugwiederholung zufrieden geben!} (28... Rf6) 29.
Nc5 {[%csl Gc5]} Rf6 30. Qe4 h6 31. h3 a4 $6 {Auf den ersten Blick scheint es
logisch, dass Schwarz seine Bauern am Damenflügel zu mobilisieren versucht.
Doch zu diesem Zeitpunkt kommt sein Vorhaben noch zu früh.} (31... Rb6 $13) 32.
Qb1 $1 $14 {Nun bekommt Schwarz einige Probleme am Damenflügel.} Qa5 (32...
Bxc5 33. Rxc5 $16) 33. Nb7 Qb6 34. Qxb4 Qxb7 35. Rc5 {[%csl Rb5]} Rg6 36. d5
Qd7 $6 (36... Rb8 $5 37. e4 (37. Rb1 Qd7 38. Rxb5 Rxb5 39. Qxb5 Qxh3 40. Qe8+
Kh7 41. Qe4 f5 42. Kf1 Qh1+ 43. Ke2 Qh5+ 44. Qf3 Qxf3+ 45. Kxf3 Rd6 $11)) 37.
Rxb5 Qxh3 38. Qe4 Qd7 $2 (38... Qc8 $5 39. Rxa4 Rxa4 40. Qxa4 Qc1+ 41. Kh2 Qf1
$132) (38... Rg4 39. Rxa4 $1 Qxg2+ (39... Rxe4 $4 40. Rxa8+ Kh7 41. gxh3 $18)
40. Qxg2 Raxa4 41. Qxg4 Rxg4+ 42. Kf1 Ra4 (42... Kf8) 43. d6 Ra7 44. Ke2 Rd7
45. Rb6 $14 {[%cal Ge2d3,Gd3d4,Gd4d5]}) 39. Rxa4 Rxa4 40. Qxa4 $16 {[%mdl 1024]
Weiß hat einen Bauern mehr und dank seines Freibauern auf d5 gute
Gewinnchancen.} Kh7 41. Qc4 Qh3 42. g3 (42. Qe4 $4 f5 $19) 42... Qf5 43. Rb3
Qf3 $2 (43... Rd6 $142 44. e4 Qe5 $16) 44. Qd3 $1 h5 $2 45. Rb4 $1 Qf6 46. Rf4
Qe7 47. Qf5 $18 {[%cal Rf5h5,Rf4f7] Nach diesem Zug verliert Schwarz weiteres
Material.} 1-0

[Event "EU-Cup 21st"]
[Site "Saint Vincent"]
[Date "2005.09.24"]
[Round "7.2"]
[White "Efimenko, Zahar"]
[Black "Kurajica, Bojan"]
[Result "1-0"]
[WhiteElo "2643"]
[BlackElo "2537"]
[Annotator "Ribli,Z"]
[PlyCount "58"]
[EventDate "2005.09.18"]
[EventType "team-swiss"]
[EventRounds "7"]
[EventCountry "ITA"]
[SourceTitle "CBM 110"]
[Source "ChessBase"]
[SourceDate "2006.01.31"]
[SourceVersion "1"]
[SourceVersionDate "2006.01.31"]
[SourceQuality "1"]
[WhiteTeam "Werder Bremen"]
[BlackTeam "Sarajevo Zeljeznicar"]
[WhiteTeamCountry "GER"]
[BlackTeamCountry "BIH"]

1. c4 e6 2. Nc3 Bb4 {Diese Variante wird selten gespielt. Mit dem Zugpaar
Nf3-Nf6 wäre eine bekannte Eröffnungsstellung erreicht.} 3. Qb3 Nc6 4. Nf3 (4.
a3 Nd4 5. Qa4 Bxc3 6. dxc3 Nc6 7. e4 Qh4 8. Bd3 Ne5 $11) 4... Nf6 5. a3 Bxc3 (
5... Be7 6. d4 d6 (6... d5 7. cxd5 exd5 8. Bg5 O-O 9. e3 Na5 10. Qc2 Be6 11.
Bd3 h6 12. Bf4 Nc6 13. h3 Bd6 14. Ne2 {1-0 Ehlvest,J-Rozentalis,E/Groningen
1993/CBM 39/[Ribli] (57)}) 7. g3 e5 8. d5 Nb8 9. Bg2 O-O 10. O-O a5 11. Qc2 Bd7
12. Rb1 a4 13. Rd1 Qe8 14. Ne1 Na6 15. Nd3 Bd8 16. e4 c6 17. dxc6 Bxc6 18. Nb4
{1-0 Shchekachev,A-Huss,A/Geneva 2005/(32)}) 6. Qxc3 {Mit Zugumstellung ist
die Variante 1.Nf3 Nf6 2.c4 e6 3.Nc3 Bb4 4.Qb3 Nc6 5.a3 bxc3 6.Qxc3 erreicht,
jedoch scheint mir anstatt 4...Nc6 4...c5 sicherer.} O-O (6... d5 7. e3 O-O 8.
b4 e5 9. b5 e4 10. bxc6 exf3 11. gxf3 d4 12. Qa5 Qd6 13. Bb2 Re8 14. O-O-O Re5
15. Qb4 Qxc6 16. Bxd4 Rf5 17. Rg1 {1-0 Pelletier,Y-Skalkotas,N/Athens 2005/(25)
}) (6... a5 7. b3 O-O 8. Bb2 Re8 9. d4 d5 10. e3 $14) 7. b4 {[%cal Gc1b2,Gb2h8]
Eine bekannte Strategie von Weiß: er möchte seinen schwarzfeldrigen Läufer auf
b2 plazieren.} d6 8. b5 (8. Bb2 b6 9. e3 (9. g3 Bb7 10. Bg2 Ne5) 9... Bb7 10.
Be2 Re8 11. O-O (11. d4 $5) 11... e5 12. d3) 8... Nb8 (8... Ne7) 9. e3 (9. Bb2
e5 10. d4 e4) 9... e5 10. d4 e4 11. Nd2 c6 {Dieser Zug gefällt mir nicht; Weiß
kann nun seinen schwarzfeldrigen Läufer mittels a4-Ba3 aktivieren.} (11... Re8)
12. a4 {[%cal Gc1b2,Gb2a3][%mdl 32] Mit diesem Zug verstärkt Weiß seine
Bauernmasse am Damenflügel und er kann seinen Läufer auf a3 stellen.} Re8 13.
Bb2 Bf5 14. h3 d5 15. Be2 h5 $6 {Schwarz schwächt seine Königsstellung. Eine
Idee des Textzugs ist, die Verteidigung gegen g2-g4, aber ich glaube, dass
wäre nicht gefährlich für Schwarz.} (15... a6 $5) 16. Ba3 a6 17. O-O $14 {
[%csl Ga3,Ga4,Gb5,Gc4][%cal Ga3f8] Weiß hat das Läuferpaar und aktives
Figurenspiel am Damenflügel.} Re6 18. Rfb1 $1 axb5 19. axb5 Nbd7 20. bxc6 bxc6
21. Rb7 {[%csl Gb7]} dxc4 $6 {[%mdl 16384] Schwarz verliert die Geduld und
möchte aktiv spielen, aber auf diese Weise verschlechtert er seine
Bauernstruktur.} (21... Rb8 22. Rab1 Rxb7 23. Rxb7 Qa8 24. Qb2 (24. Qb3 Re8 25.
Bd6 Qa1+) 24... Re8 25. Bd6 $16) 22. Nxc4 Nd5 23. Qe1 $16 Rg6 (23... h4 24. Nd6
Rxa3 25. Nxf5 $16) 24. Bxh5 Rxg2+ $2 {In der sehr schweren Stellung opfert
Schwarz den Turm für nichts.} (24... Rg5 25. Bg4 (25. Be2 Bxh3 26. Bf1) 25...
Bxg4 26. hxg4 Rxg4 27. Bd6 $16 {[%cal Gd6g3]}) 25. Kxg2 Qg5+ 26. Bg4 Bxg4 27.
hxg4 Qxg4+ 28. Kf1 $18 {Schwarz hat keine Kompensation.} N7f6 29. Ne5 Qh3+ 1-0

[Event "Vienna Millenium"]
[Site "Vienna"]
[Date "1996.08.15"]
[Round "7"]
[White "Topalov, Veselin"]
[Black "Karpov, Anatoly"]
[Result "1/2-1/2"]
[WhiteElo "2750"]
[BlackElo "2775"]
[Annotator "Ribli,Z"]
[PlyCount "53"]
[EventDate "1996.08.09"]
[EventType "tourn"]
[EventRounds "9"]
[EventCountry "AUT"]
[EventCategory "18"]
[SourceTitle "CBM 055"]
[Source "ChessBase"]
[SourceDate "1996.12.01"]
[SourceVersion "1"]
[SourceVersionDate "1996.12.01"]
[SourceQuality "1"]

1. Nf3 Nf6 2. c4 e6 3. Nc3 Bb4 4. g3 {Ribli. Kramniks Wunderwaffe 4.Qb3
scheint mir besser.} b6 5. Bg2 Bb7 6. O-O O-O 7. d3 {Ribli.Das ist klar besser,
als 7.d4?! Bc3 8.bc Nc6 9.Nd2 Na5 l0.Bb7 Nb7 11.e4 Ne8 - mit gleichen Chancen.
Pinter -Horvath,T.Budapest 1984.} d5 8. cxd5 Nxd5 (8... exd5 9. Bf4 Re8 $2 (
9... Bd6 10. Bxd6 Qxd6 11. d4 Re8 12. Rc1 a6 13. Rc2 Nbd7 14. Qc1 Ne4 15. Rd1
Qf6 16. Qf4 $14 {Savchenko,S-Vukanovic,S,Ljubljana op,1996,EXP53.}) 10. Nb5 $1
Na6 11. Rc1 c6 12. Nbd4 Bc5 13. a3 Nh5 14. Bd2 $14 {Kramnik-Gulko,Horgen 1995.}
) 9. Qc2 Be7 $5 {Ribli. Schwarz strebt nach vollwertigem Spiel. Wenn er c7-c5
ziehen und das Laeuferpaar nicht abgeben möchte, kann er diesen Rueckzug nicht
vermeiden.} 10. Rd1 (10. d4 $5 {Ribli.Aber das kostet Weiss ein Tempo im
Vergleich :z.B. zu der normalen Zugfolge 1.d4 Nf6 2.c4 e6 3Nf3 b6 4.g3 Bb7 5.
Bg2 Be7 6.o-o o-o 7.Nc3 d5 8.cd Nd5 9.Qc2 mit leichtem weissen Vorteil.}) 10...
Nxc3 (10... c5 $5) 11. bxc3 c5 12. d4 (12. Bb2 Nc6) 12... Qc8 $1 {Ribli.
Schwarz spielt auf die Fesslung in der c-Linie.Es droht 13...cd.} 13. dxc5 (13.
Ba3 Nd7 14. e4 $5) 13... bxc5 (13... Bxc5 14. Ng5 g6 15. Ne4 $14) 14. Rb1 $14
Bc6 (14... Nd7 $4 15. Rxb7 Qxb7 16. Ng5 $18) (14... Nc6 15. Ng5 g6 16. Ne4 $16)
15. Bg5 f6 (15... Bxg5 16. Nxg5 g6 (16... f5 17. Bxc6 Nxc6 18. Rd6) 17. Ne4)
16. Bf4 Nd7 {Ribli. Schwarz muss ein paar gekuenstelte Zuege machen um
auszugleichen. Weiss hat nicht so grosse, dafür aber dauerhafte Initiative.} (
16... e5 17. Bc1 {Ribli.Und die weissen Felder sind schwach im Lager des
Nachziehenden.}) 17. Bd6 Rf7 $1 18. Bxe7 Rxe7 19. Rd6 Nf8 $1 $8 (19... Qc7 20.
Rxc6 Qxc6 21. Ng5 $18) 20. Rxc6 Qxc6 21. Nd2 Qe8 22. Bxa8 Qxa8 {Ribli.Weiss
hat einen microscopisch kleinen Vorteil, da Schwarz einige Schwaechen hat.
Aber seine Verteidigung ist sehr gut koordiniert, und so nähert sich die
Partie dem Remis.} 23. Qe4 Qd5 $10 (23... Qc8 24. Nc4 $14) 24. Qxd5 exd5 25.
Kf1 Kf7 26. Rb5 (26. c4 dxc4 27. Nxc4 Ke6) 26... Rc7 27. a4 {Ribli} (27. e4 Ke6
) 1/2-1/2